| 000 | 00516nam a22001697a 4500 | ||
|---|---|---|---|
| 003 | BD-DhUL | ||
| 005 | 20170418104649.0 | ||
| 008 | 170418s1966 nyu||||| |||| 00| 0 eng c | ||
| 040 |
_aBD-DhUL _cBD-DhUL |
||
| 082 |
_a364.4 _bUNT |
||
| 110 | 2 | _aUnited Nations | |
| 245 | 2 | 0 |
_aThird United Nations seminar for the Arab States on the prevention of crime and the treatment of offenders / _cUnited Nations |
| 260 |
_aNew York : _bUnited Nations, _c1966 |
||
| 300 | _a33 p. | ||
| 650 | _aCriminology | ||
| 942 |
_2ddc _cREF |
||
| 999 |
_c184557 _d184557 |
||